Chemistry: introducing inorganic, organic and physical chemistry (Record no. 1213902)
[ view plain ]
| 000 -LEADER | |
|---|---|
| fixed length control field | 01356nam a2200361Ia 4500 |
| 003 - CONTROL NUMBER IDENTIFIER | |
| control field | OSt |
| 005 - DATE AND TIME OF LATEST TRANSACTION | |
| control field | 20221007124654.0 |
| 008 - FIXED-LENGTH DATA ELEMENTS--GENERAL INFORMATION | |
| fixed length control field | 221006b |||||||| |||| 00| 0 eng d |
| 020 ## - INTERNATIONAL STANDARD BOOK NUMBER | |
| International Standard Book Number | 9780199667932 (pbk) |
| 037 ## - SOURCE OF ACQUISITION | |
| Terms of availability | Textual |
| 040 ## - CATALOGING SOURCE | |
| Original cataloging agency | CDL |
| Transcribing agency | CDL |
| Language of cataloging | eng |
| 041 ## - LANGUAGE CODE | |
| Source of code | eng |
| Language code of text/sound track or separate title | eng |
| 100 ## - MAIN ENTRY--PERSONAL NAME | |
| Personal name | Burrows Andrew |
| 9 (RLIN) | 697776 |
| 245 #0 - TITLE STATEMENT | |
| Title | Chemistry: introducing inorganic, organic and physical chemistry |
| Remainder of title | Holman John Parsons Andrew Pilling Gwen Price Gareth |
| 260 ## - PUBLICATION, DISTRIBUTION, ETC. | |
| Place of publication, distribution, etc. | New |
| Name of publisher, distributor, etc. | york Oxford |
| Date of publication, distribution, etc. | 2009 |
| 300 ## - PHYSICAL DESCRIPTION | |
| Extent | xviii, 1397p. col. ill. |
| Dimensions | cm. |
| 500 ## - GENERAL NOTE | |
| General note | Appendix 1-11 1323-1367p.; Index 1378-1397p.; Reprint 2012 |
| 650 ## - SUBJECT ADDED ENTRY--TOPICAL TERM | |
| Topical term or geographic name entry element | Energy and thermochemistry |
| 9 (RLIN) | 720054 |
| 650 ## - SUBJECT ADDED ENTRY--TOPICAL TERM | |
| Topical term or geographic name entry element | Isomerism and stererochemistry |
| 9 (RLIN) | 720055 |
| 650 ## - SUBJECT ADDED ENTRY--TOPICAL TERM | |
| Topical term or geographic name entry element | Phase equilibrium and solutions |
| 9 (RLIN) | 720056 |
| 650 ## - SUBJECT ADDED ENTRY--TOPICAL TERM | |
| Topical term or geographic name entry element | Reaction kinetics |
| 9 (RLIN) | 720057 |
| 650 ## - SUBJECT ADDED ENTRY--TOPICAL TERM | |
| Topical term or geographic name entry element | Diatomic molecules |
| 9 (RLIN) | 716663 |
| 700 ## - ADDED ENTRY--PERSONAL NAME | |
| Personal name | Holman John |
| 9 (RLIN) | 720058 |
| 700 ## - ADDED ENTRY--PERSONAL NAME | |
| Personal name | Parsons Andrew |
| 9 (RLIN) | 720059 |
| 700 ## - ADDED ENTRY--PERSONAL NAME | |
| Personal name | Pilling Gwen |
| 9 (RLIN) | 720060 |
| 700 ## - ADDED ENTRY--PERSONAL NAME | |
| Personal name | Price Gareth |
| 9 (RLIN) | 720061 |
| 942 ## - ADDED ENTRY ELEMENTS (KOHA) | |
| Classification part | E, P9-;3 Carc |
| Koha item type | Textual |
| Source of classification or shelving scheme | Colon Classification (CC) |
| Withdrawn status | Lost status | Source of classification or shelving scheme | Damaged status | Not for loan | Home library | Current library | Date acquired | Source of acquisition | Total Checkouts | Full call number | Barcode | Date last seen | Price effective from | Koha item type |
|---|---|---|---|---|---|---|---|---|---|---|---|---|---|---|
| Colon Classification (CC) | Department of Chemistry Library | Department of Chemistry Library | 2022-10-07 | 812, 18/03/2015, Dhanraj Book House | E P9-;3 Carc | CD0008861 | 2022-10-07 | 2022-10-07 | Textual |
